Loading...
| Literature - American | 0 | 7 | 0 | 1 | 70 | 92 | 125.86 | 0 | 1 | 0.00 | 0.00 |
| Philosophy | 1 | 4 | 3 | 2 | 40 | 69 | 118.40 | 1 | 2 | 0.00 | 0.00 |
| Fine Arts - Classical Music and Opera | 1 | 2 | 1 | 1 | 30 | 74 | 123.00 | 0 | 1 | 0.00 | 0.00 |
| Literature - European | 0 | 3 | 0 | 0 | 30 | 139 | 143.33 | 0 | 1 | 0.00 | 0.00 |
| Social Science | 0 | 4 | 2 | 1 | 30 | 73 | 91.75 | 1 | 2 | 0.00 | 0.00 |
| Fine Arts - Other Arts | 0 | 2 | 1 | 0 | 15 | 118 | 129.00 | 0 | 1 | 0.00 | 0.00 |
| History - World | 0 | 1 | 0 | 0 | 10 | 110 | 110.00 | 0 | 0 | 0.00 | 0.00 |
| History - European | 0 | 1 | 0 | 0 | 10 | 125 | 125.00 | 0 | 0 | 0.00 | 0.00 |
| Other Science (Astronomy) | 0 | 1 | 0 | 0 | 10 | 129 | 129.00 | 0 | 0 | 0.00 | 0.00 |
| Religion | 0 | 2 | 2 | 0 | 10 | 143 | 154.50 | 0 | 0 | 0.00 | 0.00 |
| Science - Biology | 0 | 1 | 0 | 0 | 10 | 114 | 114.00 | 0 | 0 | 0.00 | 0.00 |
| Geography | 0 | 1 | 0 | 0 | 10 | 144 | 144.00 | 0 | 0 | 0.00 | 0.00 |
| History - Other | 0 | 1 | 0 | 0 | 10 | 85 | 85.00 | 0 | 0 | 0.00 | 0.00 |
| Literature - World | 0 | 1 | 0 | 1 | 10 | 150 | 150.00 | 0 | 0 | 0.00 | 0.00 |
| Other Culture | 0 | 1 | 0 | 0 | 10 | 87 | 87.00 | 0 | 0 | 0.00 | 0.00 |
| Literature - British | 0 | 1 | 1 | 1 | 5 | 142 | 142.00 | 0 | 0 | 0.00 | 0.00 |
| Science - Chemistry | 0 | 1 | 1 | 0 | 5 | 118 | 118.00 | 0 | 0 | 0.00 | 0.00 |
| Modern World | 0 | 1 | 2 | 0 | 0 | 125 | 125.00 | 0 | 0 | 0.00 | 0.00 |
| Other Science (Math) | 0 | 0 | 1 | 0 | -5 | 0.00 | 0 | 0 | 0.00 | 0.00 | |
| Fine Arts - Painting and Sculpture | 0 | 0 | 2 | 0 | -10 | 0.00 | 0 | 0 | 0.00 | 0.00 |